| 000 | 00450nam a2200193Ia 4500 | ||
|---|---|---|---|
| 003 | LK-CoDNM | ||
| 008 | 010623t1993 xxu||||| |||| 00| 1 sin d | ||
| 040 |
_aLK-CoDNM _dLK-CoDNM _eLK-CoDNM |
||
| 041 | _asin | ||
| 080 |
_a781 _bRAN |
||
| 100 | _aRanathunga, Amara | ||
| 245 | _aඅමර ගී | ||
| 246 | _aAmara gee | ||
| 260 |
_bS.Godage _aColombo _c1993 |
||
| 300 | _b43, 24.5 cm | ||
| 650 | _aLiterature | ||
| 650 | _aMusic | ||
| 942 | _cBK | ||
| 999 |
_c116027 _d116027 |
||